Biblioteca y Centro de Documentación

Lesión de la libertad sindical y comportamientos antisindicales (Registro nro. 5052)

Detalles MARC
000 -CABECERA
Longitud fija campo de control 01958nam a2200421 c 4500
001 - NÚMERO DE CONTROL
Número de control 5052
003 - IDENTIFICADOR DE NÚMERO DE CONTROL
Identificador del número de control ES-MaCES
005 - FECHA Y HORA DE LA ÚLTIMA TRANSACCIÓN
Fecha y hora de la última transacción 20170213134049.0
008 - CAMPO FIJO DE DESCRIPCIÓN FIJA--INFORMACIÓN GENERAL
Códigos de información de longitud fija   970422s1991 sp ||| | spa d
035 ## - NÚMERO DE CONTROL DEL SISTEMA
Número de control del sistema CES19980050915m
040 ## - FUENTE DE CATALOGACIÓN
Centro catalogador de origen ES-MaCES
Lengua de catalogación spa
Centro transcriptor ES-MaCES
100 1# - ENCABEZAMIENTO PRINCIPAL--NOMBRE PERSONAL
9 (RLIN) 23391
Nombre de persona Sanguineti Raymond, Wilfredo
245 10 - MENCIÓN DE TÍTULO
Título Lesión de la libertad sindical y comportamientos antisindicales
Resto del título : estudio de la estructura y el contenido del juicio de antisindicalidad
Mención de responsabilidad, etc. Wilfredo Sanguineti Raymond
260 ## - PUBLICACIÓN, DISTRIBUCIÓN, ETC (PIE DE IMPRENTA)
Lugar de publicación, distribución, etc. Salamanca
Nombre del editor, distribuidor, etc. W. Sanguineti
Fecha de publicación, distribución, etc. 1991
300 ## - DESCRIPCIÓN FÍSICA
Extensión 666 p.
Dimensiones 27 cm
490 1# - MENCIÓN DE SERIE
Mención de serie Tesis doctorales. Presentadas
Designación de volumen o secuencia 9-97
490 1# - MENCIÓN DE SERIE
Mención de serie Tesis doctorales
490 1# - MENCIÓN DE SERIE
Mención de serie Colección Informes y estudios. Serie Relaciones laborales
Designación de volumen o secuencia 2
500 ## - NOTA GENERAL
Nota general Precede al tít.: Universidad de Salamanca, Dpto. de Economía y Derecho del Trabajo, Area de Derecho del Trabajo y la Seguridad Social
500 ## - NOTA GENERAL
Nota general Tesis-Presenta da en la convocatoria 1997 de premios del Consejo Económico y Social
500 ## - NOTA GENERAL
Nota general Tesis-Universidad de Salamanca
500 ## - NOTA GENERAL
Nota general Posteriormente, publicada por el Ministerio de Trabajo y Seguridad Social
541 ## - NOTA DE LA FUENTE INMEDIANTE DE ADQUISICIÓN
Forma de adquisición Gratuito
610 14 - ASIENTO SECUNDARIO DE MATERIA--NOMBRE CORPORATIVO
Nombre de entidad corporativa o nombre de jurisdicción como elemento inicial España
Título de la obra Ley de libertad sindical
Fecha del congreso o de la firma de un tratado 1985
9 (RLIN) 2957
650 #4 - ASIENTO SECUNDARIO DE MATERIA--TÉRMINO DE MATERIA
Término de materia o nombre geográfico como elemento inicial libertad sindical
9 (RLIN) 27177
650 #4 - ASIENTO SECUNDARIO DE MATERIA--TÉRMINO DE MATERIA
Término de materia o nombre geográfico como elemento inicial actitud sindical
9 (RLIN) 29839
650 #4 - ASIENTO SECUNDARIO DE MATERIA--TÉRMINO DE MATERIA
Término de materia o nombre geográfico como elemento inicial derechos sindicales
9 (RLIN) 29470
650 #4 - ASIENTO SECUNDARIO DE MATERIA--TÉRMINO DE MATERIA
Término de materia o nombre geográfico como elemento inicial derechos de los trabajadores
9 (RLIN) 29924
650 #4 - ASIENTO SECUNDARIO DE MATERIA--TÉRMINO DE MATERIA
Término de materia o nombre geográfico como elemento inicial España
9 (RLIN) 26964
653 10 - TÉRMINO DE INDEXACIÓN--NO CONTROLADO
Término no controlado Relaciones laborales-Empleo
710 2# - ENCABEZAMIENTO SECUNDARIO--NOMBRE CORPORATIVO
Nombre de entidad o nombre de jurisdicción como elemento inicial Universidad de Salamanca
Unidad subordinada Departamento de Economía y Derecho del Trabajo
9 (RLIN) 5324
830 #0 - ENCABEZAMIENTO SECUNDARIO DE COLECCIÓN--TÍTULO UNIFORME
Título uniforme Tesis doctorales (Consejo Económico y Social (España))
Nombre de parte o sección de la obra Presentadas
Designación de volumen o secuencia 9-97
9 (RLIN) 32154
830 #0 - ENCABEZAMIENTO SECUNDARIO DE COLECCIÓN--TÍTULO UNIFORME
Título uniforme Tesis doctorales (Universidad de Salamanca)
9 (RLIN) 32730
830 #0 - ENCABEZAMIENTO SECUNDARIO DE COLECCIÓN--TÍTULO UNIFORME
Título uniforme Colección Informes y estudios (España. Ministerio de Trabajo y Seguridad Social)
Nombre de parte o sección de la obra Serie Relaciones laborales
Designación de volumen o secuencia 2
9 (RLIN) 32474
902 ## - CES. TIPO DE DOCUMENTO
Tipodoc (006$c Sirtex) LIB Libro
942 ## - ELEMENTOS KOHA
Fuente de clasificaión o esquema Clasificación propia del CES
Koha [por defecto] tipo de item Monografías
Parte de clasificación 2.0.
Existencias
Número de registro Signatura completa Tipo de item de Koha
019066 TESIS 9-97 Monografías
© CES, Consejo Económico y Social de España 2021